Can you manage? / (Record no. 57148)

MARC details
000 -LEADER
fixed length control field 00764nam a22002177a 4500
005 - DATE AND TIME OF LATEST TRANSACTION
control field 20110929113240.0
010 ## - LCCN (DPL NO)
LC control number G-001625
020 ## - INTERNATIONAL STANDARD BOOK NUMBER
Terms of availability 95.00
International Standard Book Number 9788189107321
035 1d - SYSTEM CONTROL NUMBER
System control number G-001625
037 ## - SOURCE OF ACQUISITION
Source of stock number/acquisition Gift
082 ## - DEWEY DECIMAL CLASSIFICATION NUMBER
Classification number 658
100 ## - MAIN ENTRY--PERSONAL NAME
Personal name Kenny, Ivor
245 E# - TITLE STATEMENT
Title Can you manage? /
Statement of responsibility, etc by Ivor Kenny; illustrated by Ken Lee
260 ## - PUBLICATION, DISTRIBUTION, ETC. (IMPRINT)
Place of publication, distribution, etc Bhopal
Name of publisher, distributor, etc Indra Publishing House
Date of publication, distribution, etc 2008
270 ## - ADDRESS
Address E-5/21, Arera Colony, Habibganj Police Station Road
City Bhopal
Postal code 462016
300 ## - PHYSICAL DESCRIPTION
Extent 88p.
Dimensions 25cm(pbk)
700 ## - ADDED ENTRY--PERSONAL NAME
Personal name Lee, Ken
9 (RLIN) 35039
942 ## - ADDED ENTRY ELEMENTS (KOHA)
Source of classification or shelving scheme Dewey Decimal Classification
Item type English Books
Classification part 658
Call number suffix KEN
Holdings
Withdrawn status Lost status Not for loan Collection code Home library Current library Date acquired Source of acquisition Cost, normal purchase price Full call number Barcode Copy number Cost, replacement price Koha item type
      Non-fiction Janak Puri Janak Puri 29/09/2011 gift 95.00 658 KEN G-001625 1 95.00 English Books

© Delhi Public Library
Hit Counter
free hit counter